| 000 | 00432nam a2200169Ia 4500 | ||
|---|---|---|---|
| 008 | 180921t2017 xxu||||| |||| 00| 0 sin d | ||
| 041 | _asin | ||
| 080 |
_a22/23 KIT _bUJA |
||
| 100 | _aKithu Mithura | ||
| 245 | _aකිතු ජන ගී | ||
| 246 | _aKithu Jana Gee | ||
| 260 |
_bcristian friendship society _aColombo _c2017 |
||
| 300 | _b122p, 21cm | ||
| 942 | _cBK | ||
| 999 |
_c5822 _d5822 |
||
| 003 | LK-CoDNM | ||
| 040 |
_aLK-CoDNM _dLK-CoDNM _eLK-CoDNM |
||